000 00831nam a2200253 i 4500
001 bg
100 1 _aWRIGLEY, Lynette
245 1 0 _aWitraż :
_bod projektu do gotowego wyrobu : 15 nowych, orginalnych wzorów /
_cLynette Wrigley ; [tł. z ang. Krzysztof Wojciechowski].
246 _iTyt. oryg.:
_aSteined glass in weekend
260 _aWarszawa :
_b"Arkady",
_c2000.
300 _a78 s. :
_bil. ;
_c29 cm.
500 _aTyt. oryg.: "Steined glass in weekend".
504 _aIndeks.
650 9 _aWitraże
_xprojektowanie
650 9 _aWitraże
_xtechnika
020 _a832134173X
040 _cBPK
041 1 _apl
_hen
080 _a72.04(02.025.2)
920 _a83-213-4173-X
942 _cKS
008 s pl f |000 0 pol
999 _c40532
_d40532
856 _uhttp://koha.tu.koszalin.pl/cgi-bin/koha/opac-detail.pl?biblionumber=40532
_yKatalog online BPK